| 000 | 00484nam a2200193 a 4500 | ||
|---|---|---|---|
| 001 | 1761889590933 | ||
| 003 | YourLibrary | ||
| 005 | 20251031111759.0 | ||
| 008 | 251031s2003##################000#0#eng## | ||
| 020 | _a9780262194808 | ||
| 082 | 0 | 4 |
_a612.022 _bSCH |
| 100 | 1 |
_aSchulkin, Jay, _eauthor. |
|
| 245 | 1 | 0 | _aRethinking Homeostasis : |
| 260 |
_bMIT Press, _c2003. |
||
| 300 | _a332 pages | ||
| 650 | 0 | _aMedical. | |
| 942 | _cENGLISH | ||
| 040 |
_aYourLibrary _beng _cYourLibrary |
||
| 999 |
_c594789 _d594789 |
||